Le cose dell'amore /
Saved in:
| Hovedforfatter: | |
|---|---|
| Format: | Bog |
| Sprog: | italiensk |
| Udgivet: |
Milano :
Feltrinelli,
2004
|
| Serier: | Super UE Feltrinelli
|
| Fag: | |
| Tags: |
Ingen Tags, Vær først til at tagge denne postø!
|
MARC
| LEADER | 00000nam a2200000 i 4500 | ||
|---|---|---|---|
| 001 | IT\ICCU\RAV\1262966 | ||
| 003 | ItRI | ||
| 005 | 20260115231859.0 | ||
| 008 | 041028s2004 it |||||| ||||| |||||c | ||
| 015 | |2 IT |a 2005-9284 | ||
| 020 | |a 8807840480 | ||
| 020 | |a 9788807840487 (12. ed.) | ||
| 040 | |b ita |c importazione bologna sebina | ||
| 041 | 7 | |a ita |2 ISO-639-2 | |
| 082 | |a 152.41 |9 AMORE E AFFEZIONE |2 21 | ||
| 100 | 1 | |a Galimberti, Umberto |0 IT\ICCU\CFIV\010302 |4 aut | |
| 240 | 1 | 3 | |a Le cose dell'amore |3 IT\ICCU\BCT\0011364 |9 Galimberti, Umberto |
| 245 | 1 | 3 | |a Le cose dell'amore / |c Umberto Galimberti. |
| 260 | |a Milano : |b Feltrinelli, |c 2004 | ||
| 300 | |a 171 p. ; |c 21 cm. | ||
| 650 | 7 | |a Amore |x Psicologia | |
| 830 | 0 | |a Super UE Feltrinelli |0 IT\ICCU\RMS\0129187 | |
| 942 | |2 ddc |c BK |n 0 | ||
| 952 | |0 0 |1 0 |4 0 |6 DOC_177_700000000000000_GAL |7 0 |9 15138 |a BO |b BO |d 2026-01-15 |i 14228 |l 0 |o DOC 177.7 GAL |p BO14228 |r 2026-01-15 23:18:59 |w 2026-01-15 |x [Sebina 5] [1 v.] |y BK |z 1 v. | ||
| 999 | |c 13027 |d 13027 | ||